[Event "4NCL 2017-18"]
[Site "England ENG"]
[Date "2018.05.06"]
[Round "10.76"]
[White "Moss, Guy"]
[Black "Hill, Alistair"]
[Result "1-0"]
[WhiteElo "2160"]
[BlackElo "2197"]
[WhiteTeam "Barbican 4NCL"]
[BlackTeam "Cambridge University"]
[WhiteFideId "2804620"]
[BlackFideId "432407"]
[EventDate "2017.11.11"]

1. e4 c5 2. Nf3 Nc6 3. d4 cxd4 4. Nxd4 Nf6 5. Nc3 e5 6. Nb3 Bb4 7. Bc4 O-O 8. f3
d5 9. exd5 Ne7 10. d6 Nf5 11. O-O Nxd6 12. Bd3 Bf5 13. Qe2 Re8 14. Ne4 Ndxe4 15.
fxe4 Bg4 16. Qf2 Qc7 17. Qg3 Qb6+ 18. Be3 Nh5 19. Qf2 Qg6 20. Kh1 Re6 21. Nd2
Rf6 22. Nf3 Nf4 23. Bxf4 Rxf4 24. Qg3 Bxf3 25. Rxf3 Qxg3 26. hxg3 Rf6 27. Rxf6
gxf6 28. c3 Rd8 29. Rd1 Bc5 30. g4 Kg7 31. g3 Kg6 32. Kg2 Kg5 33. Kf3 b6 34. Bc2
Rxd1 35. Bxd1 Kg6 36. b4 Bf8 37. Ke3 Kg5 38. Kd3 b5 39. a3 h5 40. gxh5 f5 41.
exf5 Kxf5 42. c4 bxc4+ 43. Kxc4 Bh6 44. Kd5 Be3 45. a4 f6 46. b5 Bd2 47. g4+ Kg5
48. Ke6 e4 49. h6 Kxh6 50. Kxf6 Bc3+ 51. Ke6 Kg5 52. Kd5 Kf4 53. Kc6 Ke3 54. Kb7
Bd4 55. g5 Kd2 56. Bh5 Kc3 57. a5 Kb4 58. b6 1-0

[Event "4NCL 2017-18"]
[Site "England ENG"]
[Date "2018.05.06"]
[Round "10.77"]
[White "Starley, Robert"]
[Black "O'Toole, George E"]
[Result "1-0"]
[WhiteElo "2081"]
[BlackElo "2260"]
[WhiteTeam "Cambridge University"]
[BlackTeam "Barbican 4NCL"]
[WhiteFideId "421006"]
[BlackFideId "412732"]
[EventDate "2017.11.11"]

1. e4 e5 2. Nf3 Nc6 3. Bb5 a6 4. Ba4 Nf6 5. d3 d6 6. c3 g6 7. O-O Bg7 8. Bg5 h6
9. Be3 O-O 10. h3 b5 11. Bb3 Na5 12. Bc2 c5 13. Nbd2 Qe7 14. Re1 Bb7 15. d4 cxd4
16. cxd4 Rfc8 17. Rc1 Kh7 18. d5 Nc4 19. Nxc4 Rxc4 20. Nd2 Rcc8 21. Qe2 Nh5 22.
g3 Bf6 23. Nf3 Qd7 24. Kh2 a5 25. Bd3 b4 26. Bb5 Qd8 27. Qd2 Bg7 28. Bd3 Nf6 29.
a3 bxa3 30. bxa3 Ba6 31. Rxc8 Bxc8 32. Rb1 Qd7 33. g4 Qa4 34. Qc2 Qxa3 35. Nd2
Bd7 36. Nc4 Qa4 37. Qxa4 Bxa4 38. Nb6 1-0

[Event "4NCL 2017-18"]
[Site "England ENG"]
[Date "2018.05.06"]
[Round "10.78"]
[White "Regan, Natasha K"]
[Black "York-Andersen, Anna"]
[Result "1/2-1/2"]
[WhiteTitle "WIM"]
[WhiteElo "1950"]
[BlackElo "1770"]
[WhiteTeam "Barbican 4NCL"]
[BlackTeam "Cambridge University"]
[WhiteFideId "403067"]
[BlackFideId "416789"]
[EventDate "2017.11.11"]

1. Nf3 Nf6 2. c4 e6 3. g3 d5 4. b3 Be7 5. Bg2 O-O 6. O-O Nbd7 7. d4 c6 8. Nc3 b6
9. Qc2 Ba6 10. Nd2 Rc8 11. e4 dxe4 12. Ndxe4 c5 13. Rd1 cxd4 14. Rxd4 Qc7 15.
Bb2 Nxe4 16. Nxe4 Nf6 17. Rad1 Rfd8 18. Rxd8+ Rxd8 19. Nxf6+ Bxf6 20. Bxf6 gxf6
21. h4 f5 22. Qc1 Rxd1+ 23. Qxd1 Bb7 24. Bxb7 Qxb7 25. Qd8+ Kg7 26. Qg5+ Kf8 27.
Qd8+ Kg7 28. Qd4+ f6 29. b4 Kf7 30. a4 e5 31. Qd3 Ke6 32. Kf1 Qc6 33. a5 bxa5
34. bxa5 Qc5 35. Qc3 Qc6 36. Ke2 f4 37. c5 fxg3 38. fxg3 Qg2+ 39. Kd1 Qd5+ 40.
Kc1 Qd4 1/2-1/2

[Event "4NCL 2017-18"]
[Site "England ENG"]
[Date "2018.05.06"]
[Round "10.81"]
[White "Greet, Andrew N"]
[Black "Pigott, John C"]
[Result "1/2-1/2"]
[WhiteTitle "IM"]
[BlackTitle "IM"]
[WhiteElo "2442"]
[BlackElo "2400"]
[WhiteTeam "Alba"]
[BlackTeam "The ADs"]
[WhiteFideId "405817"]
[BlackFideId "400459"]
[EventDate "2017.11.11"]

1. d4 Nf6 2. c4 g6 3. g3 Bg7 4. Bg2 d5 5. cxd5 Nxd5 6. Nf3 Nb6 7. Nc3 Nc6 8. e3
O-O 9. O-O Re8 10. Nh4 e5 11. d5 Nb4 12. Qb3 Nd3 13. Rd1 Nxc1 14. Raxc1 Bg4 15.
Bf3 Bd7 16. e4 Bh6 17. Rc2 a6 18. a4 Ra7 19. Ng2 Nc8 20. Ne1 Qf6 21. Bg2 Qb6 22.
Qa2 a5 23. Nd3 Nd6 24. b3 Raa8 25. Qb2 Rac8 26. Nb1 Bg7 27. Nd2 c6 28. Nc5 Bg4
29. Nf3 f5 30. h3 fxe4 31. Nxe4 Nxe4 32. hxg4 Nxg3 33. d6 Rf8 34. Ng5 e4 35. Qc1
Rxf2 36. Kh2 Be5 37. Rc5 Ne2+ 38. Rxe5 Nxc1 39. d7 Rcf8 40. Re8 Rxg2+ 41. Kxg2
Qf2+ 42. Kh3 Qe3+ 43. Kh4 Qf2+ 44. Kh3 Qe3+ 45. Kh4 Qf2+ 1/2-1/2

[Event "4NCL 2017-18"]
[Site "England ENG"]
[Date "2018.05.06"]
[Round "10.82"]
[White "Richardson, John R"]
[Black "Sreeves, Clement"]
[Result "1/2-1/2"]
[WhiteTitle "FM"]
[BlackTitle "FM"]
[WhiteElo "2229"]
[BlackElo "2389"]
[WhiteTeam "The ADs"]
[BlackTeam "Alba"]
[WhiteFideId "401617"]
[BlackFideId "2402564"]
[EventDate "2017.11.11"]

1. d4 Nf6 2. c4 g6 3. g3 c6 4. Bg2 d5 5. cxd5 cxd5 6. Nc3 Bg7 7. Nf3 Ne4 8. Ne5
Nxc3 9. bxc3 Nc6 10. Nxc6 bxc6 11. O-O O-O 12. Ba3 Ba6 13. Re1 Re8 14. e4 e6 15.
Qc2 Bf8 16. Bxf8 Rxf8 17. h4 h5 18. exd5 exd5 19. Re5 Re8 20. Rae1 Rxe5 21. dxe5
Qe7 22. Kh2 Bc8 23. c4 Bf5 24. Qa4 dxc4 25. Qxc4 Rd8 26. Qf4 c5 27. Bh3 Bxh3 28.
Kxh3 Qe6+ 29. Kg2 c4 30. Rc1 Rc8 31. Rc3 Qd5+ 32. Kh2 a6 33. a3 Rc6 34. Qe3 Re6
35. Qf4 Rc6 36. Qe3 a5 37. Qf4 a4 38. Qe3 Rc8 39. Qf4 Rc5 40. Qe3 Rc6 41. Qf4
Kg7 42. Qe3 Kh7 43. Qf4 Rc5 44. Qe3 Rb5 45. Qc1 Qd4 46. Rf3 Qd5 47. Rc3 Qd4 48.
Rf3 Qd5 49. Rc3 Qd4 1/2-1/2

[Event "4NCL 2017-18"]
[Site "England ENG"]
[Date "2018.05.06"]
[Round "10.83"]
[White "Berry, Neil"]
[Black "Swindells, Jonathan E"]
[Result "1-0"]
[WhiteTitle "FM"]
[WhiteElo "2265"]
[BlackElo "2223"]
[WhiteTeam "Alba"]
[BlackTeam "The ADs"]
[WhiteFideId "2400650"]
[BlackFideId "421863"]
[EventDate "2017.11.11"]

1. d4 Nf6 2. c4 g6 3. g3 Bg7 4. Bg2 c5 5. dxc5 Qa5+ 6. Nc3 Qxc5 7. Qa4 Ng4 8.
Nh3 Nc6 9. Bd2 O-O 10. O-O Qh5 11. Nd5 e6 12. Ndf4 Qc5 13. Nd3 Qe7 14. c5 Nge5
15. Nhf4 Rd8 16. Nxe5 Bxe5 17. Nd3 Bg7 18. Be3 Ne5 19. Rad1 f5 20. Nxe5 Bxe5 21.
Bd4 Bc7 22. Rd3 d5 23. cxd6 Bxd6 24. Bc3 Bd7 25. Qd4 Bb5 26. Qh8+ Kf7 27. Qxh7+
Kf8 28. Qh8+ Kf7 29. Qg7+ Ke8 30. Qxg6+ Qf7 31. Qxf7+ Kxf7 32. Rd2 Be7 33. Rfd1
Bxe2 34. Rxd8 Bxd8 35. Rd7+ Ke8 36. Rxb7 Rc8 37. Rxa7 Bf6 38. Ra8 1-0

[Event "4NCL 2017-18"]
[Site "England ENG"]
[Date "2018.05.06"]
[Round "10.84"]
[White "Wheeler, Darren P"]
[Black "McKay, Roderick M"]
[Result "0-1"]
[BlackTitle "IM"]
[WhiteElo "2227"]
[BlackElo "2312"]
[WhiteTeam "The ADs"]
[BlackTeam "Alba"]
[WhiteFideId "410136"]
[BlackFideId "2400049"]
[EventDate "2017.11.11"]

1. e4 c5 2. f4 d5 3. Nc3 d4 4. Nce2 Nc6 5. d3 Nf6 6. g3 Qa5+ 7. Bd2 Qb6 8. b3 e5
9. Nf3 Ng4 10. Qc1 f6 11. h3 Ne3 12. Bxe3 dxe3 13. c3 Be6 14. Qxe3 O-O-O 15. Nc1
Qa5 16. Qd2 exf4 17. gxf4 Bd6 18. Kf2 g5 19. f5 Bf7 20. Bg2 h5 21. Ne2 g4 22.
Ne1 Ne5 23. h4 Qb6 24. Kf1 c4 25. d4 cxb3 26. axb3 Bxb3 27. Nd3 Qb5 28. Nxe5
fxe5 29. Rb1 a5 30. c4 Qb6 31. Qc3 a4 32. dxe5 Bb4 33. Qc1 Rd2 34. e6 Rhd8 35.
e7 Bxe7 0-1

[Event "4NCL 2017-18"]
[Site "England ENG"]
[Date "2018.05.06"]
[Round "10.85"]
[White "Olson, Hamish"]
[Black "Stewart, Ashley"]
[Result "1-0"]
[WhiteElo "2233"]
[BlackElo "2166"]
[WhiteTeam "Alba"]
[BlackTeam "The ADs"]
[WhiteFideId "2404257"]
[BlackFideId "419001"]
[EventDate "2017.11.11"]

1. d4 Nf6 2. Nf3 g6 3. Nbd2 Bg7 4. e4 d6 5. c3 O-O 6. Be2 Nc6 7. Qc2 e5 8. dxe5
Nxe5 9. Nxe5 dxe5 10. Nc4 Qe7 11. O-O b6 12. Bg5 h6 13. Bh4 Bb7 14. f3 Rfd8 15.
b4 a5 16. bxa5 b5 17. Ne3 Rxa5 18. c4 c6 19. Bf2 Rda8 20. cxb5 cxb5 21. Rfb1 Qe6
22. Rb3 Qa6 23. a3 Bc8 24. Be1 Be6 25. Bxa5 Bxb3 26. Qxb3 Qxa5 27. Bxb5 Bf8 28.
Nc4 Qa7+ 29. Kh1 Qc5 30. a4 Ne8 31. Bxe8 Rxe8 32. Ne3 Rc8 33. Nd5 Qf2 34. Nf6+
Kg7 35. Ng4 Qd4 36. Rd1 Rc3 37. Rxd4 Rxb3 38. Rd1 Ra3 39. Nxe5 Rxa4 40. g3 Bc5
41. Rd7 Ra7 42. Rxa7 Bxa7 43. Kg2 Kf6 44. Ng4+ Kg7 45. e5 Bd4 46. f4 h5 47. Nf6
Kf8 48. Kf3 Ke7 49. Nh7 Bg1 50. Kg2 Bd4 51. Kf3 Bg1 52. h3 Bd4 53. Nf6 Ke6 54.
Ne4 Ke7 55. Nf2 Ke6 56. Ne4 Ke7 57. Ke2 Bb6 58. Kd3 Ba7 59. Kc4 Be3 60. Kd5 Bg1
61. f5 gxf5 62. Nd6 Bf2 63. Nxf5+ Kd7 64. Ke4 Be1 65. Kf4 Bd2+ 66. Kf3 Bc3 67.
Ke4 Be1 68. Ke3 Bc3 69. Nd4 Ke7 70. Ke4 Be1 71. Ne2 h4 72. g4 f6 73. Kf5 fxe5
74. Kxe5 Kf7 75. Kf5 Kg7 76. Kg5 Kh7 77. Ng1 Kg7 78. Nf3 Bc3 79. Kh5 Kh8 80. Kg6
Kg8 81. Nxh4 Bd4 82. Nf5 1-0

[Event "4NCL 2017-18"]
[Site "England ENG"]
[Date "2018.05.06"]
[Round "10.86"]
[White "Snape, Ian L"]
[Black "White, Stuart A"]
[Result "1-0"]
[WhiteElo "2155"]
[BlackElo "2150"]
[WhiteTeam "The ADs"]
[BlackTeam "Alba"]
[WhiteFideId "404489"]
[BlackFideId "407747"]
[EventDate "2017.11.11"]

1. e4 e6 2. d4 d5 3. Nc3 Nf6 4. e5 Nfd7 5. f4 c5 6. Nf3 Nc6 7. Be3 a6 8. Qd2 b5
9. dxc5 Bxc5 10. Bd3 Qb6 11. Bf2 h6 12. O-O Bxf2+ 13. Qxf2 Qxf2+ 14. Kxf2 g5 15.
g3 g4 16. Nh4 Nc5 17. a4 b4 18. Nb1 Nxd3+ 19. cxd3 Bb7 20. Nd2 Na5 21. Rfc1 Rc8
22. Rxc8+ Bxc8 23. Rc1 Kd7 24. Ke3 Rf8 25. f5 Bb7 26. Rc5 Nc6 27. d4 Kc7 28.
fxe6 fxe6 29. Ng6 Rf7 30. Nf4 Bc8 31. Nb3 Kb6 32. a5+ Kb7 33. Rc1 Nd8 34. Nc5+
Kb8 35. Rc2 Ka7 36. Ncd3 Bd7 37. Nxb4 Nb7 38. Rc7 Ka8 39. Nc6 h5 40. b4 h4 41.
gxh4 Rh7 42. h5 Rf7 43. b5 1-0

[Event "4NCL 2017-18"]
[Site "England ENG"]
[Date "2018.05.06"]
[Round "10.87"]
[White "Findlay, David John"]
[Black "Duggan, John E"]
[Result "1/2-1/2"]
[WhiteElo "2188"]
[BlackElo "2118"]
[WhiteTeam "Alba"]
[BlackTeam "The ADs"]
[WhiteFideId "2400278"]
[BlackFideId "423726"]
[EventDate "2017.11.11"]

1. e4 e6 2. d4 d5 3. Nc3 Nf6 4. e5 Nfd7 5. Nf3 c5 6. dxc5 Nc6 7. Bf4 Nxc5 8. Bd3
Be7 9. O-O O-O 10. Qe2 Nxd3 11. cxd3 b6 12. Nb5 Qd7 13. Nbd4 Nxd4 14. Nxd4 Ba6
15. Rfd1 Rfc8 16. Qg4 Rc7 17. h4 Kh8 18. h5 Rg8 19. a3 Qa4 20. Be3 Qd7 21. Rd2
Bc8 22. Qf4 Rf8 23. h6 gxh6 24. Qf3 f5 25. exf6 Bxf6 26. Bxh6 Bg7 27. Qe3 Bxh6
28. Qxh6 Qg7 29. Qxg7+ Kxg7 30. Re1 Kf6 31. Nf3 Ba6 32. d4 Rfc8 33. Red1 Rc2 34.
Kh2 Be2 35. Rxc2 Rxc2 36. Rd2 Rxd2 1/2-1/2

[Event "4NCL 2017-18"]
[Site "England ENG"]
[Date "2018.05.06"]
[Round "10.88"]
[White "Bellin, Jana M"]
[Black "Bamber, Elaine"]
[Result "1/2-1/2"]
[WhiteTitle "WGM"]
[BlackTitle "WFM"]
[WhiteElo "2046"]
[BlackElo "2102"]
[WhiteTeam "The ADs"]
[BlackTeam "Alba"]
[WhiteFideId "402168"]
[BlackFideId "2401428"]
[EventDate "2017.11.11"]

1. d4 d5 2. Nf3 Nf6 3. e3 Bg4 4. Nbd2 e6 5. Bd3 Nbd7 6. c3 Bd6 7. O-O c6 8. e4
dxe4 9. Nxe4 Nxe4 10. Bxe4 Qa5 11. h3 Nf6 12. b4 Qc7 13. Bd3 Bh5 14. Bd2 Rd8 15.
Be2 Ne4 16. Re1 O-O 17. Qc2 Nxd2 18. Nxd2 Bg6 19. Ne4 e5 20. dxe5 Bxe5 21. Bf3
Rfe8 22. Rad1 Rxd1 23. Qxd1 Rd8 24. Qb3 Rd3 25. Nc5 Rd8 26. Ne4 h6 27. c4 Rd4
28. Nc5 b6 29. Na6 Bh2+ 30. Kh1 Qf4 31. c5 Rd3 32. Qb2 Rd2 33. Qb3 Rxf2 34. cxb6
axb6 35. Bxc6 Bg3 36. Rg1 Rf1 37. Bf3 Qc1 38. Bd1 Rxg1+ 39. Kxg1 Bh5 40. Qxg3
Qxd1+ 41. Kh2 Kh7 42. Nc7 Qd4 43. a3 Be2 44. Ne8 f5 45. Qd6 Qe3 46. Nc7 f4 47.
Nd5 Qg3+ 48. Kg1 Qe1+ 49. Kh2 Qg3+ 50. Kg1 Qe1+ 51. Kh2 f3 52. Nf4 Bf1 53. Qg6+
Kh8 54. gxf3 Qf2+ 55. Ng2 Qxf3 56. Qg3 Bxg2 57. Qxg2 Qxa3 58. Qe4 Qb2+ 59. Kg1
Qf6 60. Kg2 Kg8 61. Qc4+ Kh7 62. b5 Qg5+ 63. Kh2 Qd2+ 64. Kg3 Qe3+ 65. Kg2 h5
66. Qd5 Qe2+ 67. Kg3 Qe1+ 68. Kg2 Qe2+ 69. Kg3 Qe3+ 70. Kg2 g6 71. Qf7+ Kh6 72.
Qf8+ Kg5 73. Qd8+ Kf5 74. Qf8+ Ke5 75. Qe8+ Kd4 76. Qxg6 Qe2+ 77. Kg3 Qxb5 78.
Kh4 Qc5 79. Qf6+ Kc4 80. Qf7+ Kd4 81. Qg7+ Qe5 82. Qg1+ Qe3 83. Qg7+ Kc5 84.
Qf8+ Kc6 85. Qc8+ Kb5 86. Qd7+ Kb4 87. Qd6+ Qc5 88. Qd2+ Ka4 89. Qd1+ Ka5 90.
Qd2+ Qb4+ 91. Qxb4+ Kxb4 92. Kxh5 Kc4 93. Kg5 b5 94. h4 Kd5 95. h5 Ke6 96. h6
Kf7 97. Kf4 Kg6 98. Ke3 Kxh6 1/2-1/2

[Event "4NCL 2017-18"]
[Site "England ENG"]
[Date "2018.05.07"]
[Round "11.11"]
[White "Howell, David W L"]
[Black "Jones, Gawain C B"]
[Result "1/2-1/2"]
[WhiteTitle "GM"]
[BlackTitle "GM"]
[WhiteElo "2701"]
[BlackElo "2667"]
[WhiteTeam "Cheddleton"]
[BlackTeam "Guildford"]
[WhiteFideId "410608"]
[BlackFideId "409561"]
[EventDate "2017.11.11"]

1. d4 Nf6 2. Nf3 g6 3. c4 Bg7 4. Nc3 d6 5. g3 Bf5 6. Bg2 Ne4 7. Nd5 c6 8. Ne3
Qa5+ 9. Kf1 Bc8 10. Qc2 f5 11. h4 h5 12. Ne1 Bxd4 13. Bxe4 Bxe3 14. Bxe3 fxe4
15. Qxe4 Bf5 16. Qd4 Rg8 17. Nf3 Nd7 18. Bg5 Nc5 19. Qe3 O-O-O 20. a3 Ne4 21. b4
Qb6 22. Qxb6 axb6 23. Bxe7 Rde8 24. Bg5 Be6 25. Rc1 Kd7 26. Nd2 Bf7 27. Rc2
Nxd2+ 28. Bxd2 Re4 29. c5 Rge8 30. Be3 1/2-1/2

[Event "4NCL 2017-18"]
[Site "England ENG"]
[Date "2018.05.07"]
[Round "11.12"]
[White "Cheparinov, Ivan"]
[Black "Hawkins, Jonathan"]
[Result "1/2-1/2"]
[WhiteTitle "GM"]
[BlackTitle "GM"]
[WhiteElo "2705"]
[BlackElo "2589"]
[WhiteTeam "Guildford"]
[BlackTeam "Cheddleton"]
[WhiteFideId "2905540"]
[BlackFideId "412686"]
[EventDate "2017.11.11"]

1. c4 Nf6 2. Nf3 e6 3. g3 d5 4. Bg2 Be7 5. O-O O-O 6. d4 dxc4 7. Qc2 a6 8. a4
Bd7 9. Qxc4 Bc6 10. Bg5 Bd5 11. Qc2 Be4 12. Qc1 Nbd7 13. Nc3 Bc6 14. Qc2 Bb4 15.
a5 Qe7 16. Rfe1 h6 17. Bf4 b6 18. axb6 cxb6 19. e4 Rfc8 20. d5 Bb7 21. Nd4 Bc5
22. Nb3 Bb4 23. h3 e5 24. Bd2 a5 25. Qd1 Ba6 26. Rc1 Rc7 27. Na2 Rxc1 28. Nbxc1
Bxd2 29. Qxd2 Rc8 30. Re3 1/2-1/2

[Event "4NCL 2017-18"]
[Site "England ENG"]
[Date "2018.05.07"]
[Round "11.13"]
[White "Fodor, Tamas Jr."]
[Black "Sadler, Matthew D"]
[Result "1/2-1/2"]
[WhiteTitle "GM"]
[BlackTitle "GM"]
[WhiteElo "2503"]
[BlackElo "2693"]
[WhiteTeam "Cheddleton"]
[BlackTeam "Guildford"]
[WhiteFideId "723762"]
[BlackFideId "400173"]
[EventDate "2017.11.11"]

1. e4 e6 2. d4 d5 3. exd5 exd5 4. Nf3 Bd6 5. Bd3 Nf6 6. Qe2+ Qe7 7. Qxe7+ Bxe7
8. Bf4 c6 9. O-O O-O 10. Re1 Re8 11. Nbd2 Nbd7 12. c3 Nf8 13. h3 Ne6 14. Bh2 g6
15. Ne5 Nd7 16. Re2 Nxe5 17. Bxe5 Bd7 18. Rae1 f6 19. Bh2 Kf7 20. Nf3 Bf8 21. c4
a5 22. c5 Be7 23. g4 Bd8 24. Bd6 b6 25. h4 bxc5 26. dxc5 Ng7 27. Nd4 Rxe2 28.
Bxe2 Ne6 29. Nxe6 Bxe6 30. f4 Ra7 31. b3 Be7 32. Bxe7 Rxe7 33. Kf2 Rb7 34. h5
gxh5 35. Rh1 Rb4 36. f5 Bd7 37. Rxh5 Kg7 38. Rh3 a4 39. Re3 Kf7 40. Rh3 Kg7 41.
Re3 Kf7 42. Rh3 1/2-1/2

[Event "4NCL 2017-18"]
[Site "England ENG"]
[Date "2018.05.07"]
[Round "11.14"]
[White "Edouard, Romain"]
[Black "Eggleston, David J"]
[Result "1-0"]
[WhiteTitle "GM"]
[BlackTitle "IM"]
[WhiteElo "2621"]
[BlackElo "2407"]
[WhiteTeam "Guildford"]
[BlackTeam "Cheddleton"]
[WhiteFideId "633429"]
[BlackFideId "412120"]
[EventDate "2017.11.11"]

1. e4 c5 2. Nf3 d6 3. Bb5+ Nd7 4. a4 Nf6 5. Nc3 a6 6. Be2 b6 7. d4 cxd4 8. Qxd4
e6 9. O-O Bb7 10. Rd1 Qc7 11. Be3 e5 12. Qd3 Be7 13. Nd2 O-O 14. Nc4 Nc5 15.
Bxc5 dxc5 16. Qf3 Rfd8 17. Ne3 Rxd1+ 18. Rxd1 Rd8 19. Bc4 Rxd1+ 20. Qxd1 Nxe4
21. Ncd5 Qd8 22. Nxe7+ Qxe7 23. Nf5 Qc7 24. Bd5 g6 25. Bxb7 gxf5 26. Bxa6 Qc6
27. Bb5 Qh6 28. Qe1 Qd6 29. h3 h6 30. Qe2 Kg7 31. Bd3 Qd4 32. c3 Qxa4 33. f3 Nf6
34. Qxe5 Qd1+ 35. Bf1 Kg6 36. Qg3+ Kh7 37. Qc7 Nd7 38. Kh2 Qxf1 39. Qxd7 Kg7 40.
Qxf5 Qb5 41. b4 Qc6 42. bxc5 bxc5 43. Qe5+ Kg8 44. c4 Qb6 45. f4 Qb4 46. Qd5 Qa3
47. Qe4 Qb4 48. Kg3 Qa3+ 49. Kg4 Qb4 50. Kh5 Kg7 51. Qe5+ Kh7 52. Qd5 Kg7 53.
Qe4 Qb6 54. Qe5+ Kh7 55. f5 Qc6 56. g4 Qg2 57. h4 Qa2 58. Qf4 Kg8 59. Kxh6 Qa8
60. f6 Kf8 61. Qc7 Kg8 62. Qxc5 Kh8 63. Qg5 1-0

[Event "4NCL 2017-18"]
[Site "England ENG"]
[Date "2018.05.07"]
[Round "11.15"]
[White "Kirk, Ezra"]
[Black "Fressinet, Laurent"]
[Result "1/2-1/2"]
[WhiteTitle "IM"]
[BlackTitle "GM"]
[WhiteElo "2420"]
[BlackElo "2651"]
[WhiteTeam "Cheddleton"]
[BlackTeam "Guildford"]
[WhiteFideId "600067"]
[BlackFideId "608742"]
[EventDate "2017.11.11"]

1. e4 c5 2. Nf3 d6 3. Bb5+ Nd7 4. c3 Nf6 5. Qe2 a6 6. Ba4 e6 7. O-O b5 8. Bc2
Bb7 9. d4 Be7 10. Re1 O-O 11. Nbd2 Qc7 12. Bd3 Rfe8 13. a4 c4 14. Bc2 e5 15. Nf1
Bf8 16. d5 Nc5 17. h3 Nfd7 18. Ne3 Nd3 19. Bxd3 cxd3 20. Qxd3 Nc5 21. Qc2 bxa4
22. Nf5 Bc8 23. Nh2 Bd7 24. Re3 Nb3 25. Rb1 Kh8 26. Ng4 Nd4 27. Qd3 Nxf5 28.
exf5 Qc8 29. f6 Bf5 30. Re4 Qd7 31. Bg5 g6 32. Bh6 Bxe4 33. Qxe4 Qf5 34. Bxf8
Rxf8 35. Qxf5 gxf5 36. Nh6 Rab8 37. Ra1 Rxb2 38. Rxa4 Rb6 39. Nxf5 Rg8 40. Rc4
h5 41. Ne7 a5 42. Nxg8 Kxg8 43. Rc6 Rb3 44. c4 Rc3 45. Rxd6 Rxc4 46. Ra6 a4 47.
Ra5 Rd4 48. Kf1 1/2-1/2

[Event "4NCL 2017-18"]
[Site "England ENG"]
[Date "2018.05.07"]
[Round "11.16"]
[White "Le Roux, Jean-Pierre"]
[Black "Williams, Simon K"]
[Result "1-0"]
[WhiteTitle "GM"]
[BlackTitle "GM"]
[WhiteElo "2557"]
[BlackElo "2460"]
[WhiteTeam "Guildford"]
[BlackTeam "Cheddleton"]
[WhiteFideId "609404"]
[BlackFideId "404454"]
[EventDate "2017.11.11"]

1. Nf3 f5 2. d4 e6 3. Bf4 Nf6 4. e3 d6 5. c4 g6 6. Be2 Bg7 7. Nc3 Qe7 8. h3 Nc6
9. Bh2 O-O 10. O-O Nd8 11. Rc1 Nf7 12. c5 Bd7 13. b4 g5 14. Nd2 e5 15. dxe5 dxe5
16. e4 f4 17. Nd5 Nxd5 18. exd5 e4 19. f3 e3 20. Ne4 Bf5 21. d6 Qe5 22. dxc7
Bxe4 23. fxe4 Qxc7 24. Qb3 Kh8 25. Qxe3 Qe5 26. Qb3 a5 27. b5 Rac8 28. Bh5 Qd4+
29. Kh1 Ne5 30. Bg1 Qxe4 31. Rce1 Qf5 32. Qd5 Rc7 33. Qe4 Nd3 34. Qxf5 Rxf5 35.
b6 Rc6 36. Bf3 Rcf6 37. Re8+ Rf8 38. Rxf8+ 1-0

[Event "4NCL 2017-18"]
[Site "England ENG"]
[Date "2018.05.07"]
[Round "11.17"]
[White "Arkell, Keith C"]
[Black "Pert, Nicholas"]
[Result "1/2-1/2"]
[WhiteTitle "GM"]
[BlackTitle "GM"]
[WhiteElo "2414"]
[BlackElo "2543"]
[WhiteTeam "Cheddleton"]
[BlackTeam "Guildford"]
[WhiteFideId "400270"]
[BlackFideId "403989"]
[EventDate "2017.11.11"]

1. d4 d5 2. c4 c6 3. Nf3 Nf6 4. Qc2 dxc4 5. Qxc4 Bf5 6. Nc3 e6 7. g3 Nbd7 8. Bg2
Be7 9. O-O O-O 10. Bg5 h6 11. Bxf6 Bxf6 12. e4 Bg4 13. e5 Be7 14. Ne4 Nb6 15.
Qc3 Nd5 16. Qc4 Nb6 17. Qc3 Nd5 18. Qc4 Qb6 19. Nc5 Rfd8 20. b3 a5 1/2-1/2

[Event "4NCL 2017-18"]
[Site "England ENG"]
[Date "2018.05.07"]
[Round "11.18"]
[White "Stefanova, Antoaneta"]
[Black "Steil-Antoni, Fiona"]
[Result "1-0"]
[WhiteTitle "GM"]
[BlackTitle "WIM"]
[WhiteElo "2490"]
[BlackElo "2200"]
[WhiteTeam "Guildford"]
[BlackTeam "Cheddleton"]
[WhiteFideId "2902257"]
[BlackFideId "4001249"]
[EventDate "2017.11.11"]

1. d4 d6 2. Nf3 Bg4 3. e4 Nd7 4. h3 Bxf3 5. Qxf3 e5 6. c3 Ngf6 7. Be3 g6 8. Nd2
Bg7 9. g4 c6 10. Bg2 Qe7 11. O-O h5 12. g5 Nh7 13. Qg3 O-O-O 14. f4 exf4 15.
Bxf4 Nb6 16. a4 Kb8 17. a5 Nc8 18. a6 Nf8 19. axb7 Kxb7 20. Nc4 Ne6 21. Na5+ Kc7
22. d5 h4 23. Qd3 Nc5 24. Qc4 1-0

[Event "4NCL 2017-18"]
[Site "England ENG"]
[Date "2018.05.07"]
[Round "11.22"]
[White "Adair, James R"]
[Black "McDonald, Neil"]
[Result "0-1"]
[WhiteTitle "IM"]
[BlackTitle "GM"]
[WhiteElo "2486"]
[BlackElo "2397"]
[WhiteTeam "White Rose"]
[BlackTeam "Wood Green"]
[WhiteFideId "406252"]
[BlackFideId "400629"]
[EventDate "2017.11.11"]

1. e4 d5 2. exd5 Qxd5 3. Nc3 Qd8 4. d4 Nf6 5. Nf3 Bg4 6. h3 Bxf3 7. Qxf3 c6 8.
Be3 e6 9. Bd3 Nbd7 10. O-O-O a5 11. g4 a4 12. g5 Nd5 13. Nxd5 cxd5 14. a3 Bd6
15. h4 Qe7 16. Kb1 b5 17. c3 Rb8 18. Ka2 O-O 19. Qe2 e5 20. Bxb5 e4 21. Bxa4 Nb6
22. Bb3 Rb7 23. Bc1 Rfb8 24. f3 e3 25. Qd3 Bf4 26. Rde1 Qd7 27. Re2 Nc4 28. Bxc4
dxc4 29. Qe4 Bd6 30. Qd5 Rb5 31. Qxc4 Qb7 32. Rf1 Bxa3 33. b4 Bxb4 34. Rb2 Qa6+
35. Kb1 Bxc3 36. Rxb5 Qxb5+ 37. Qxb5 Rxb5+ 38. Kc2 e2 0-1

[Event "4NCL 2017-18"]
[Site "England ENG"]
[Date "2018.05.07"]
[Round "11.23"]
[White "Weaving, Richard"]
[Black "Alsina Leal, Daniel"]
[Result "0-1"]
[WhiteTitle "FM"]
[BlackTitle "GM"]
[WhiteElo "2333"]
[BlackElo "2487"]
[WhiteTeam "Wood Green"]
[BlackTeam "White Rose"]
[WhiteFideId "401161"]
[BlackFideId "2252627"]
[EventDate "2017.11.11"]

1. e4 c5 2. Nf3 d6 3. d4 cxd4 4. Nxd4 Nf6 5. Nc3 a6 6. Be3 e5 7. Nb3 Be6 8. f3
Be7 9. Qd2 O-O 10. O-O-O Nbd7 11. g4 b5 12. g5 Nh5 13. Nd5 Bxd5 14. exd5 f6 15.
Na5 fxg5 16. Nc6 Qe8 17. Bxg5 Bxg5 18. Qxg5 Ndf6 19. Bd3 Nf4 20. Be4 Rf7 21.
Rhe1 Qf8 22. Kb1 g6 23. a3 Qg7 24. Rd2 Raf8 25. Qg1 Nd7 26. Qa7 Nc5 27. Qb6 Rb7
28. Qa5 Qc7 29. b4 Na4 30. c4 Nb6 31. c5 Nc4 32. Qxc7 Nxd2+ 33. Kc2 Rxc7 34.
Kxd2 Re8 35. Kc2 Rd7 36. Rd1 Nh5 37. Na5 Rc8 38. c6 Rf7 39. Kb3 Nf6 40. Nb7 Ne8
41. a4 Rf6 42. Nc5 Nc7 43. Nd7 Rf4 44. Ra1 Ra8 45. Kc3 bxa4 46. Rxa4 Kf7 47. Kd3
Ke7 48. Ke3 g5 49. Ra2 h5 50. Rg2 g4 51. fxg4 hxg4 52. Rd2 Nb5 53. Nb6 Rh8 54.
Bd3 Rh3+ 55. Ke2 Rxh2+ 56. Kd1 Rxd2+ 57. Kxd2 Kd8 58. Ke1 g3 59. Bf1 Rxb4 60.
Bg2 Rb1+ 61. Ke2 Nd4+ 0-1